| 000 | 00445nam a2200157 4500 | ||
|---|---|---|---|
| 001 | 114335 | ||
| 003 | ES-MaACL | ||
| 005 | 20230906190131.0 | ||
| 007 | t| | ||
| 008 | 061121s1965 sp r ||||1| spa d | ||
| 100 | 1 |
_aOrtiz-Echagüe, César. _987613 |
|
| 245 | 1 | 3 |
_aLa arquitectura española actual / _cCésar Ortiz-Echagüe. |
| 260 |
_aMadrid : _bRialp, _c1965. |
||
| 300 |
_a118 p. : _bil. ; _c18 cm. |
||
| 852 |
_aES-MaACL _jC-26933 _bR.55712 |
||
| 999 |
_c114335 _d114335 |
||